| 000 | 00457nam a2200145 4500 | ||
|---|---|---|---|
| 001 | 111929 | ||
| 003 | ES-MaACL | ||
| 005 | 20230906185404.0 | ||
| 007 | t| | ||
| 008 | 061121s1929 sp r ||||1| spa d | ||
| 100 | 1 |
_aNavarro, José Gabriel. _985072 |
|
| 245 | 1 | 0 |
_aArquitectura americana _b: la iglesia de la Compañía de Jesús en Quito / _cJosé Gabriel Navarro. |
| 260 |
_aMadrid : _b[s.n.], _c1929 ( _fImp. de Archivos) |
||
| 852 |
_aES-MaACL _j1732-F-20 |
||
| 999 |
_c111929 _d111929 |
||